Villes contenant le mot "Loire" - Statistiques

Statistiques générales
  • Ce quiz a été pris 16 fois
  • Le résultat moyen est 11 sur 75
Statistiques - réponses
Villes Habitants % Correct
Cosne-Cours-sur-Loire 9 786
53%
La Charité-sur-Loire 4 701
47%
Saint-Cyr-sur-Loire 16 766
47%
Saint-Sébastien-sur-Loire 28 373
47%
Châteauneuf-sur-Loire 8 470
33%
Chaumont-sur-Loire 1 091
33%
Monistrol-sur-Loire 8 874
33%
Sainte-Luce-sur-Loire 16 227
33%
Brissac Loire Aubance 11 000
27%
Chalonnes-sur-Loire 6 541
27%
Châtillon-sur-Loire 3 152
27%
La Chapelle-sur-Loire 1 472
27%
Mauges-sur-Loire 18 514
27%
Mauves-sur-Loire 3 393
27%
Meung-sur-Loire 6 621
27%
Saint-Georges-sur-Loire 3 787
27%
Sully-sur-Loire 5 142
27%
Thouaré-sur-Loire 10 956
27%
Belleville-sur-Loire 990
20%
Loire-Authion 16 588
20%
Loireauxence 7 509
20%
Pouilly-sur-Loire 1 623
20%
Saint-Denis-sur-Loire 904
20%
Vair-sur-Loire 4 890
20%
Vitry-sur-Loire 423
20%
Champtocé-sur-Loire 1 837
13%
Chouzé-sur-Loire 2 150
13%
Cour-sur-Loire 252
13%
Fleury-sur-Loire 228
13%
Gennes-Val-de-Loire 8 452
13%
Germigny-sur-Loire 748
13%
Ingrandes-le-Fresne-sur-Loire 3 069
13%
Les Garennes sur Loire 4 670
13%
Montlouis-sur-Loire 11 261
13%
Ouzouer-sur-Loire 2 560
13%
Rochefort-sur-Loire 2 332
13%
Saint-Benoît-sur-Loire 1 993
13%
Saint-Brisson-sur-Loire 961
13%
Sainte-Gemmes-sur-Loire 3 617
13%
Varennes-sur-Loire 1 924
13%
Aurec-sur-Loire 6 133
7%
Avril-sur-Loire 247
7%
Beaulieu-sur-Loire 1 750
7%
Bonny-sur-Loire 1 851
7%
Caloire 322
7%
Coteaux-sur-Loire 1 872
7%
Divatte-sur-Loire 7 158
7%
Gannay-sur-Loire 394
7%
La Celle-sur-Loire 786
7%
Lamenay-sur-Loire 68
7%
Lussault-sur-Loire 890
7%
Mesves-sur-Loire 656
7%
Muides-sur-Loire 1 250
7%
Neuvy-sur-Loire 1 428
7%
Ousson-sur-Loire 702
7%
Rilly-sur-Loire 455
7%
Saint-Dyé-sur-Loire 1 155
7%
Saint-Firmin-sur-Loire 509
7%
Saint-Ouen-sur-Loire 482
7%
Saint-Père-sur-Loire 1 030
7%
Sermoise-sur-Loire 1 490
7%
Sougy-sur-Loire 590
7%
Tracy-sur-Loire 993
7%
Valloire-sur-Cisse 2 433
7%
Veuzain-sur-Loire 3 327
7%
Chamalières-sur-Loire 517
0%
Cussac-sur-Loire 1 658
0%
Gilly-sur-Loire 475
0%
Lavoûte-sur-Loire 813
0%
Perrigny-sur-Loire 140
0%
Pierrefitte-sur-Loire 509
0%
Saint-Aubin-sur-Loire 267
0%
Saint-Jean-Saint-Maurice-sur-Loire 1 155
0%
Solignac-sur-Loire 1 286
0%
Vézelin-sur-Loire 816
0%
Aucun quiz correspondant
Distribution des résultats
% des personnes avec chaque résultat
Percentile par nombre de réponses
Votre historique - résultats
Vous n’avez pas pris ce quiz